000 00432nam a22001697a 4500
003 OSt
008 240429b |||||||| |||| 00| 0 eng d
020 _a9789352833962
082 _a620.1 KHT
100 _aKHURMI,RS
245 _aTextbook of Engineering Mechanics in SI Units with Free E book Subscription
250 _a22nd Ed
260 _aNew Delhi
_bS.Chand
_c2024
300 _a755
700 _aKHURMI,N
942 _2ddc
_cBK
999 _c12581
_d12581